Diseño de proyecto de investigación educativa / (Record no. 23393)

000 -CABECERA
fixed length control field 00926nam a22002417i 4500
003 - IDENTIFICADOR DEL NÚMERO DE CONTROL
control field AR-CdUCM
008 - DATOS DE LONGITUD FIJA--INFORMACIÓN GENERAL
fixed length control field 250904b20192019 pe||||| |||| 00| 0 spa d
040 ## - FUENTE DE LA CATALOGACIÓN
Agencia/entidad que catalogó originalmente la obra MUNICIPALIDAD PROVINCIAL DEL CUSCO
Entidad que transcribió la catalogación BIBLIOTECA MUNICIPAL DEL CUSCO
082 ## - NÚMERO DE LA CLASIFICACIÓN DECIMAL DEWEY
No. de la edición Segunda Edición
No. de Clasificación 370.72 / C29D
Notacion interna C29D
100 ## - ENTRADA PRINCIPAL--NOMBRE DE PERSONA
Nombre Personal Cari Mamani, Hernán
245 ## - MENCIÓN DE TÍTULO
Título Diseño de proyecto de investigación educativa /
260 ## - PUBLICACIÓN, DISTRIBUCIÓN, ETC.
Lugar de publicación, distribución, etc. Sicuani-Cusco
Nombre de la editorial, distribuidor, etc. Autor-Editor
Fecha de publicación, distribución, etc. 2019
300 ## - DESCRIPCIÓN FÍSICA
Nº de Páginas Extensión 192 páginas. :
Dimensiones 21x15 cm.
500 ## - NOTA GENERAL
Bibliografía Páginas: 187-192
505 ## - NOTA DE CONTENIDO CON FORMATO
Nota de contenido formateada Proyecto de investigación educativa -- Formulación del problema -- Justificación del problema -- Diseño metodológico de la investigación
650 ## - PUNTO DE ACCESO ADICIONAL DE MATERIA--TÉRMINO DE MATERIA
Descriptor Plantemiento del problema
9 (RLIN) 51500
650 ## - PUNTO DE ACCESO ADICIONAL DE MATERIA--TÉRMINO DE MATERIA
Descriptor Marco teórico
9 (RLIN) 51501
650 ## - PUNTO DE ACCESO ADICIONAL DE MATERIA--TÉRMINO DE MATERIA
Descriptor Formulacion de la hipótesis
9 (RLIN) 51502
650 ## - PUNTO DE ACCESO ADICIONAL DE MATERIA--TÉRMINO DE MATERIA
Descriptor Diseño metodológico
9 (RLIN) 51503
942 ## - ELEMENTOS DE PUNTO DE ACCESO ADICIONAL (KOHA)
Fuente de clasificación
Tipo de item Libros-BMC
945 ## - PROCESAMIENTO DE INFORMACIÓN LOCAL (OCLC)
Catalogador pbjr
AAAA-MM-DD - Fecha de ingreso o modificacion 4-09-2025
Holdings
Estado de retiro (separado) Fuente de clasificación o esquema de estanterías Estado dañado Ubicación Sala donde se ubica Nombre de la colección Fecha de adquisición o compra Fuente de adquisición Costo, precio normal en soles Signatura topográfica Código de Barras Última vez visto (Koha) Tipo de ítem (Koha)
No     Sala Humanidades Sala Humanidades Book Cart 2025-09-04 Depósito legal 15.00 370.72 / C29D SH0000017005 2025-09-04 Libros-BMC

Powered by Koha